| 000 | 01352cam a22001814a 4500 | ||
|---|---|---|---|
| 005 | 20250605164356.0 | ||
| 008 | 250528s ||||||||||||||||||||||||d | ||
| 035 | _a24326 | ||
| 040 |
_aGR-AtMCL _bgre _dGR-AtMCL _eAACR2 |
||
| 245 | 1 | _aΚ. Μίχαλος στο Ευρωκοινοβούλιο: Ισχυρή Επιχειρηματική Συνεργασία για το Τέλος στη Λιτότητα / Εκδήλωση Ε.Β.Ε.Α.: Boost Your Business | |
| 260 |
_bΕμπορικό Και Βιομηχανικό Επιμελητήριο Αθηνών, _c2016 |
||
| 300 | _a64 | ||
| 520 | _aΕκδήλωση: Η Δύναμη της Καινοτομίας και του Διαδικτύου, Οι Προτάσεις της Ευρωπαϊκής Επιτροπής για Σημαντικές Μεταρρυθμίσεις στη Φορολογία των Εταιριών, Ο Φαύλος Κύκλος του Δανεισμού των Επιχειρήσεων, Η Ελλάδα μπορεί να γίνει η Φλόριντα της Ευρώπης, Αγορά Δύο Ταχυτήτων, Απαραίτητη η Εκτόνωση της Έντασης μεταξύ των Κομμάτων, Εξοικονομώ Κατ'οίκον. | ||
| 700 | 1 |
_aΜίχαλος Κωνσταντίνος _94319 |
|
| 942 | _cCR | ||
| 999 |
_c9215 _d9215 |
||